000
00244nam a2200097Ia 4500
001
753363
005
20250826164720.0
008
250824s9999 xx 000 0 und d
245
0
_a
BADEM OPERASYONU
_c
MELEK ÇE
260
_b
UĞUR BÖCEĞİ YAYINLARI
999
_c
753363
_d
753363